Geografia kartkówka niziny - Statystyki

Ogólne statystyki
  • Ten quiz został rozwiązany 239 razy
    211 od ostatniego zresetowania
  • Średni wynik to 37 z 63
Statystyki odpowiedzi
Obrazkowy Odpowiedź % Poprawnych
Szczecin
82%
Toruń
80%
wielkopolskie
80%
Gdynia
78%
podlaskie
78%
Pojezierze Mazurskie
78%
Odra
76%
Warszawa
76%
Żuławy Wiślane
76%
Warta
73%
warmińsko-mazurskie
71%
Bydgoszcz
69%
mazowieckie
69%
Olsztyn
69%
Opole
69%
Wisła
69%
zachodniopomorskie
69%
Gdańsk
67%
Nizina Podlaska
67%
dolnośląskie
65%
kujawsko-pomorskie
65%
łódzkie
65%
lubuskie
65%
Pojezierze Wielkopolskie
65%
pomorskie
65%
Poznań
65%
Łebsko
63%
opolskie
63%
Pobrzeże Gdańskie
63%
Śniardwy
63%
Bug
61%
Ostrołęka
61%
Gorzów Wielkopolski
59%
Łódź
59%
Nizina Mazowiecka
59%
Nizina Śląska
59%
Polesie Lubelskie
59%
Radom
59%
Nizina Wielkopolska
57%
Pobrzeże Szczecińskie
57%
Pojezierze Pomorskie
57%
Wrocław
57%
Białystok
55%
Hańcza
53%
Siedlce
53%
Zalew Szczeciński
53%
Płock
51%
Zalew Wiślany
51%
Noteć
49%
Narew
43%
Pobrzeże Koszalińskie
43%
Wigry
43%
Zegrzyńskie
39%
Bzura
37%
Pilica
37%
Sulejowskie
37%
Biebrza
35%
Włocławskie
33%
Bóbr
29%
Jeziorsko
29%
Barycz
27%
Prosna
24%
Wkra
24%
Nie znaleziono quizów pasujących do podanych kryteriów
Rozkład punktacji
Procent ludzi z każdym wynikiem
Percentyl według liczby udzielonych odpowiedzi
Twoja historia wyników
Nie rozwiązałeś tego quizu od ostatniego zresetowania